[Event "Winnipeg TNT January op"]
[Site "Winnipeg"]
[Date "2016.01.12"]
[Round "2.4"]
[White "Prince, Colin"]
[Black "Wasserman, Leor"]
[Result "1/2-1/2"]
[WhiteElo "1920"]
[BlackElo "2024"]
[PlyCount "37"]
[EventDate "2016.01.05"]
[EventType "swiss"]
[EventRounds "4"]
[EventCountry "CAN"]
[SourceTitle "EXT 2022"]
[Source "ChessBase"]
[SourceDate "2021.10.06"]
[SourceVersion "1"]
[SourceVersionDate "2021.10.06"]
[SourceQuality "1"]

1. e4 c5 2. Nf3 d6 3. d4 Nf6 4. Nc3 cxd4 5. Nxd4 a6 6. Be2 e6 7. Be3 Be7 8. f4 Qc7 9. 0-0 0-0 10. Qe1 b5 11. Bf3 Bb7 12. Bf2 Nc6 13. Rd1 Na5 14. b3 Rac8 15. Rd3 Rfd8 16. a4 bxa4 17. Nxa4 Nc6 18. c4 d5 19. Nc2 1/2-1/2

[Event "Winnipeg op"]
[Site "Winnipeg"]
[Date "2015.07.21"]
[Round "8"]
[White "Babb, Jeff"]
[Black "Wasserman, Leor"]
[Result "1/2-1/2"]
[WhiteElo "2198"]
[BlackElo "2061"]
[PlyCount "61"]
[EventDate "2015.06.02"]
[EventType "swiss"]
[EventRounds "9"]
[EventCountry "CAN"]
[SourceTitle "EXT 2019"]
[Source "ChessBase"]
[SourceDate "2018.10.10"]
[SourceVersion "1"]
[SourceVersionDate "2018.10.10"]
[SourceQuality "1"]

1. f4 Nf6 2. Nf3 d5 3. e3 e6 4. b3 Bd6 5. Bb2 c5 6. Ne5 Nc6 7. Bb5 Bd7 8. Bxc6 Bxc6 9. Nxc6 bxc6 10. 0-0 0-0 11. d3 Re8 12. Nd2 e5 13. f5 e4 14. Bxf6 Qxf6 15. dxe4 Qh6 16. g3 Be5 17. Rf4 Bxf4 18. gxf4 dxe4 19. Qg4 Qf6 20. Re1 Qc3 21. Re2 Qxc2 22. f6 Qc1+ 23. Kf2 g6 24. Qg5 Qc3 25. Nc4 Re6 26. Ne5 h6 27. Qxh6 Rxf6 28. Qg5 Kg7 29. Ng4 Rf8 30. Qh6+ Kg8 31. Qh4 1/2-1/2

[Event "Winnipeg op"]
[Site "Winnipeg"]
[Date "2015.07.14"]
[Round "7"]
[White "Wasserman, Leor"]
[Black "Valentino, Marcos"]
[Result "1/2-1/2"]
[WhiteElo "2061"]
[BlackElo "2194"]
[PlyCount "118"]
[EventDate "2015.06.02"]
[EventType "swiss"]
[EventRounds "9"]
[EventCountry "CAN"]
[SourceTitle "EXT 2019"]
[Source "ChessBase"]
[SourceDate "2018.10.10"]
[SourceVersion "1"]
[SourceVersionDate "2018.10.10"]
[SourceQuality "1"]

1. e4 c6 2. d4 d5 3. Nc3 dxe4 4. Nxe4 Bf5 5. Ng3 Bg6 6. h4 h6 7. Nf3 e6 8. h5 Bh7 9. Bd3 Bxd3 10. Qxd3 Bd6 11. Ne4 Bc7 12. Bd2 Nf6 13. Nxf6+ Qxf6 14. Qb3 b6 15. 0-0-0 Qf5 16. g4 Qf6 17. Qe3 Bd6 18. Qe4 Qe7 19. g5 hxg5 20. h6 Rxh6 21. Bxg5 Rxh1 22. Bxe7 Rxd1+ 23. Kxd1 Kxe7 24. Qh4+ Ke8 25. Ng5 a6 26. Qh5 g6 27. Qh8+ Bf8 28. Qg8 Ra7 29. Ne4 Ke7 30. Nd6 Kxd6 31. Qxf8+ Kc7 32. Qxf7+ Nd7 33. Qxe6 Ra8 34. Qxg6 Rf8 35. Qg3+ Kd8 36. f4 Rf5 37. Qg4 Rd5 38. c3 Ke7 39. f5 Rd6 40. Qg7+ Ke8 41. Ke2 Rf6 42. Ke3 Rxf5 43. Qg6+ Rf7 44. Qxc6 Re7+ 45. Kd3 a5 46. a3 Kf7 47. Qd5+ Kf6 48. b4 axb4 49. axb4 Kg7 50. c4 Kf8 51. Qd6 Kf7 52. c5 bxc5 53. bxc5 Nf6 54. d5 Nd7 55. c6 Ne5+ 56. Kd4 Nf3+ 57. Kc5 Ne5 58. c7 Nd3+ 59. Kc6 Re4 1/2-1/2

[Event "Winnipeg May TNT"]
[Site "Winnipeg"]
[Date "2015.05.12"]
[Round "2.4"]
[White "Wolchock, Theo"]
[Black "Wasserman, Leor"]
[Result "1-0"]
[WhiteElo "1908"]
[BlackElo "2076"]
[PlyCount "57"]
[EventDate "2015.05.05"]
[EventType "swiss"]
[EventRounds "4"]
[EventCountry "CAN"]
[SourceTitle "EXT 2019"]
[Source "ChessBase"]
[SourceDate "2018.10.10"]
[SourceVersion "1"]
[SourceVersionDate "2018.10.10"]
[SourceQuality "1"]

1. c4 e5 2. g3 d5 3. cxd5 Qxd5 4. Nf3 e4 5. Nc3 Qc6 6. e3 Bd7 7. Bb5 Qg6 8. Ne5 Qe6 9. Bxd7+ Nxd7 10. Nxd7 Qxd7 11. Nxe4 0-0-0 12. d4 Qd5 13. Qf3 Bb4+ 14. Bd2 Nf6 15. Bxb4 Nxe4 16. 0-0 f5 17. Rac1 g5 18. Qg2 Qb5 19. Ba3 g4 20. f3 gxf3 21. Qxf3 Rd5 22. Qf4 c6 23. Rc2 Rg8 24. Qh6 Ng5 25. Be7 Qd3 26. Rxc6+ bxc6 27. Qxc6+ Kb8 28. Bxg5 Qe4 29. Bf4+ 1-0

[Event "Winnipeg April TNT"]
[Site "Winnipeg"]
[Date "2015.04.21"]
[Round "3.4"]
[White "Rutter, Blair A"]
[Black "Wasserman, Leor"]
[Result "1-0"]
[WhiteElo "1957"]
[BlackElo "2077"]
[PlyCount "71"]
[EventDate "2015.04.07"]
[EventType "swiss"]
[EventRounds "4"]
[EventCountry "CAN"]
[SourceTitle "EXT 2019"]
[Source "ChessBase"]
[SourceDate "2018.10.10"]
[SourceVersion "1"]
[SourceVersionDate "2018.10.10"]
[SourceQuality "1"]

1. c4 e5 2. Nc3 Nf6 3. g3 Bc5 4. Bg2 d6 5. e3 Nc6 6. Nge2 Bg4 7. h3 Bh5 8. 0-0 0-0 9. Kh2 Re8 10. d3 Qd7 11. a3 a5 12. Bd2 Bg6 13. e4 h5 14. Bg5 Nh7 15. Bh4 f6 16. f4 exf4 17. gxf4 f5 18. Ng3 Qf7 19. exf5 Bxf5 20. Nxf5 Qxf5 21. Be4 Qd7 22. Qxh5 Rxe4 23. Nxe4 Bd4 24. Nc3 Rf8 25. Rae1 Rf5 26. Qg4 Qf7 27. Re2 Ne5 28. Qg3 g5 29. Ne4 Qh5 30. Rg2 Nxd3 31. Qxd3 Qxh4 32. Qxd4 Rxf4 33. Qd5+ Kh8 34. Rxf4 Qxf4+ 35. Ng3 Nf6 36. Qf5 1-0

[Event "Manitoba-ch"]
[Site "Winnipeg"]
[Date "2015.03.29"]
[Round "1"]
[White "Wasserman, Leor"]
[Black "Gentes, Kevin"]
[Result "0-1"]
[WhiteElo "1757"]
[BlackElo "2288"]
[PlyCount "66"]
[EventDate "2015.03.01"]
[EventType "k.o."]
[EventRounds "3"]
[EventCountry "CAN"]
[SourceTitle "EXT 2019"]
[Source "ChessBase"]
[SourceDate "2018.10.10"]
[SourceVersion "1"]
[SourceVersionDate "2018.10.10"]
[SourceQuality "1"]

1. e4 e5 2. Nf3 Nc6 3. c3 d5 4. Bb5 dxe4 5. Nxe5 Qg5 6. Qa4 Qxg2 7. Bxc6+ bxc6 8. Qxc6+ Kd8 9. Rf1 Bh3 10. Qxa8+ Ke7 11. Kd1 Qxf1+ 12. Kc2 Bf5 13. Nc6+ Kf6 14. Qd8+ Ne7 15. Qd4+ Kg6 16. Ne5+ Kh5 17. Qe3 Nd5 18. Qg3 e3+ 19. d3 Qxf2+ 20. Kb3 Qxg3 21. hxg3 e2 22. Bd2 f6 23. g4+ Bxg4 24. Nxg4 Kxg4 25. c4 Nf4 26. Nc3 Nxd3 27. Nxe2 Bc5 28. Kc3 Rd8 29. a3 Nxb2 30. Bf4 Kf3 31. Bxc7 Rd3+ 32. Kxb2 Kxe2 33. Ba5 Bd4+ 0-1

[Event "Winnipeg February TNT"]
[Site "Winnipeg"]
[Date "2015.02.24"]
[Round "4.4"]
[White "Baron, Gustav L"]
[Black "Wasserman, Leor"]
[Result "0-1"]
[WhiteElo "2095"]
[BlackElo "2002"]
[PlyCount "80"]
[EventDate "2015.02.03"]
[EventType "swiss"]
[EventRounds "4"]
[EventCountry "CAN"]
[SourceTitle "EXT 2019"]
[Source "ChessBase"]
[SourceDate "2018.10.10"]
[SourceVersion "1"]
[SourceVersionDate "2018.10.10"]
[SourceQuality "1"]

1. Nf3 Nf6 2. b3 d5 3. Bb2 c5 4. e3 Nc6 5. d4 e6 6. Nbd2 Be7 7. Bd3 a6 8. 0-0 0-0 9. a3 Bd7 10. Ne5 cxd4 11. exd4 Qc7 12. f4 Rac8 13. Qe2 Qb6 14. Ndf3 Nxe5 15. fxe5 Ng4 16. Bc1 f6 17. Kh1 fxe5 18. dxe5 Bc5 19. h4 Nf2+ 20. Rxf2 Bxf2 21. Bxh7+ Kxh7 22. Ng5+ Kg8 23. Qh5 Rf5 24. Qh7+ Kf8 25. Qh8+ Ke7 26. Qxg7+ Ke8 27. Nh7 Bxh4 28. Bd2 Kd8 29. Bb4 Kc7 30. Bd6+ Kc6 31. Qh6 Qd4 32. Rb1 Bg3 33. c4 Qd3 34. cxd5+ Kxd5 35. Rg1 Bf4 36. Qh3 Qxh3+ 37. gxh3 Bc6 38. Rg4 Bxe5 39. Bb4 Rh8 40. Ng5 Bf4 0-1

[Event "Winnipeg February TNT"]
[Site "Winnipeg"]
[Date "2015.02.17"]
[Round "3.4"]
[White "Wasserman, Leor"]
[Black "Wolchock, Theo"]
[Result "1-0"]
[WhiteElo "2002"]
[BlackElo "1917"]
[PlyCount "47"]
[EventDate "2015.02.03"]
[EventType "swiss"]
[EventRounds "4"]
[EventCountry "CAN"]
[SourceTitle "EXT 2019"]
[Source "ChessBase"]
[SourceDate "2018.10.10"]
[SourceVersion "1"]
[SourceVersionDate "2018.10.10"]
[SourceQuality "1"]

1. e4 e5 2. Nf3 d6 3. Bc4 Be7 4. 0-0 Nf6 5. Nc3 Bg4 6. h3 Bh5 7. d3 h6 8. Be3 0-0 9. a3 c6 10. g4 Bg6 11. Ba2 Nbd7 12. Nh4 Bh7 13. Ng2 Re8 14. f4 exf4 15. Nxf4 Ne5 16. Qe2 g5 17. d4 gxf4 18. Bxf4 Bf8 19. dxe5 dxe5 20. Rad1 Qe7 21. Be3 Bg7 22. Qf2 Bg6 23. Bc5 Qc7 24. Rd6 1-0

[Event "MCA Champions"]
[Site "Winnipeg"]
[Date "2014.12.02"]
[Round "4"]
[White "Czarny, Keith"]
[Black "Wasserman, Leor"]
[Result "0-1"]
[WhiteElo "1751"]
[BlackElo "1716"]
[PlyCount "62"]
[EventDate "2014.11.04"]
[EventType "swiss"]
[EventRounds "6"]
[EventCountry "CAN"]
[SourceTitle "EXT 2019"]
[Source "ChessBase"]
[SourceDate "2018.10.10"]
[SourceVersion "1"]
[SourceVersionDate "2018.10.10"]
[SourceQuality "1"]

1. Nf3 Nf6 2. c4 c5 3. Nc3 Nc6 4. g3 e6 5. Bg2 Be7 6. 0-0 0-0 7. d3 d5 8. a3 d4 9. Nb1 e5 10. Nbd2 Be6 11. Ng5 Bf5 12. Nb3 h6 13. Nf3 Qd7 14. e4 dxe3 15. Bxe3 Bxd3 16. Re1 e4 17. Nfd2 h5 18. Nxe4 Bxe4 19. Qxd7 Nxd7 20. Bxe4 Rac8 21. Rad1 Nde5 22. Bf5 Rcd8 23. Kg2 Nxc4 24. Rb1 Bf6 25. Be4 N6e5 26. Na1 Ng4 27. Bc1 Nd2 28. Bxd2 Rxd2 29. Kf3 Nxf2 30. Nb3 Nxe4 31. Kxe4 Rxb2 0-1

[Event "Winnipeg TNT September op"]
[Site "Winnipeg"]
[Date "2014.09.09"]
[Round "1.4"]
[White "Leaden, Bruce"]
[Black "Wasserman, Leor"]
[Result "0-1"]
[WhiteElo "1576"]
[BlackElo "2015"]
[PlyCount "58"]
[EventDate "2014.09.09"]
[EventType "swiss"]
[EventRounds "4"]
[EventCountry "CAN"]
[SourceTitle "EXT 2022"]
[Source "ChessBase"]
[SourceDate "2021.10.06"]
[SourceVersion "1"]
[SourceVersionDate "2021.10.06"]
[SourceQuality "1"]

1. d4 Nf6 2. Nf3 g6 3. g3 Bg7 4. Bg2 0-0 5. 0-0 d5 6. Nbd2 c6 7. c4 Nbd7 8. e3 Re8 9. Re1 e5 10. dxe5 Nxe5 11. Nxe5 Rxe5 12. Nf3 Bg4 13. Qb3 Re7 14. Nd4 Ne4 15. f3 Nc5 16. Qc3 Bc8 17. b3 Ne6 18. Ba3 c5 19. Qd2 Nxd4 20. Bxc5 Nc6 21. Bxe7 Qxe7 22. Rad1 dxc4 23. bxc4 Be6 24. f4 Bxc4 25. Bxc6 bxc6 26. Qd7 Qe4 27. Qg4 Bd5 28. Rxd5 cxd5 29. Qe2 d4 0-1

[Event "Winnipeg op"]
[Site "Winnipeg"]
[Date "2014.06.03"]
[Round "1"]
[White "Wasserman, Leor"]
[Black "Czarny, Keith"]
[Result "1-0"]
[WhiteElo "2084"]
[BlackElo "1727"]
[PlyCount "55"]
[EventDate "2014.06.03"]
[EventType "swiss"]
[EventRounds "8"]
[EventCountry "CAN"]
[SourceTitle "EXT 2019"]
[Source "ChessBase"]
[SourceDate "2018.10.10"]
[SourceVersion "1"]
[SourceVersionDate "2018.10.10"]
[SourceQuality "1"]

1. e4 c6 2. d4 d5 3. exd5 cxd5 4. c4 Nf6 5. Nc3 g6 6. Nf3 Bg7 7. Bd3 0-0 8. 0-0 Nc6 9. Bg5 dxc4 10. Bxc4 Bg4 11. Be3 e5 12. dxe5 Qxd1 13. Raxd1 Ne8 14. Bc5 Bxf3 15. gxf3 Nxe5 16. Bd5 Nc7 17. Bxf8 Kxf8 18. f4 Nxd5 19. Rxd5 Nc4 20. b3 Nb6 21. Rc5 Rd8 22. Ne4 f5 23. Ng5 Rd2 24. Rc7 Bb2 25. Re1 Nd7 26. Rc8+ Kg7 27. Re7+ Kf6 28. Rf7# 1-0

[Event "Winnipeg TNT February op"]
[Site "Winnipeg"]
[Date "2014.02.25"]
[Round "4.4"]
[White "Wasserman, Leor"]
[Black "Czarny, Keith"]
[Result "1-0"]
[WhiteElo "2081"]
[BlackElo "1770"]
[PlyCount "57"]
[EventDate "2014.02.04"]
[EventType "swiss"]
[EventRounds "4"]
[EventCountry "CAN"]
[SourceTitle "EXT 2022"]
[Source "ChessBase"]
[SourceDate "2021.10.06"]
[SourceVersion "1"]
[SourceVersionDate "2021.10.06"]
[SourceQuality "1"]

1. e4 d6 2. d4 g6 3. Nf3 Bg7 4. Bc4 h6 5. 0-0 Nc6 6. Be3 Nf6 7. Nc3 0-0 8. Qd2 Ng4 9. Bf4 e5 10. dxe5 dxe5 11. Qxd8 Rxd8 12. Bg3 Nd4 13. Nxd4 exd4 14. Nb5 Ne5 15. Bxe5 Bxe5 16. f4 Bg7 17. Nxc7 Rb8 18. Nd5 Be6 19. Ne7+ Kf8 20. Nxg6+ fxg6 21. Bxe6 Rd6 22. f5 Ke8 23. Rae1 h5 24. e5 Rc6 25. Bb3 gxf5 26. Ba4 b5 27. Bb3 Rg6 28. Rxf5 h4 29. Bf7+ 1-0

[Event "Winnipeg December Quads-A"]
[Site "Winnipeg"]
[Date "2013.12.08"]
[Round "3.6"]
[White "Wasserman, Leor"]
[Black "De Groot, Steven"]
[Result "1-0"]
[WhiteElo "2027"]
[BlackElo "1963"]
[PlyCount "49"]
[EventDate "2013.12.08"]
[EventType "tourn"]
[EventRounds "3"]
[EventCountry "CAN"]
[SourceTitle "EXT 2022"]
[Source "ChessBase"]
[SourceDate "2021.10.06"]
[SourceVersion "1"]
[SourceVersionDate "2021.10.06"]
[SourceQuality "1"]

1. e4 c5 2. Nf3 d6 3. d4 cxd4 4. Nxd4 Nf6 5. Nc3 a6 6. Bc4 e6 7. 0-0 Qc7 8. Bb3 Be7 9. a4 Nc6 10. Be3 Bd7 11. h3 Nxd4 12. Bxd4 Bc6 13. Re1 0-0 14. a5 Nd7 15. Qg4 Bf6 16. Bxf6 Nxf6 17. Qg5 h6 18. Qg3 Rfd8 19. Qe3 d5 20. e5 d4 21. Qe2 dxc3 22. exf6 cxb2 23. Qg4 g6 24. Bxe6 bxa1Q 25. Qxg6+ 1-0

[Event "Winnipeg TNT April op"]
[Site "Winnipeg"]
[Date "2013.04.16"]
[Round "3"]
[White "Wasserman, Leor"]
[Black "Babb, Jeff"]
[Result "1/2-1/2"]
[WhiteElo "1927"]
[BlackElo "2209"]
[PlyCount "76"]
[EventDate "2013.04.02"]
[EventType "swiss"]
[EventRounds "5"]
[EventCountry "CAN"]
[SourceTitle "EXT 2022"]
[Source "ChessBase"]
[SourceDate "2021.10.06"]
[SourceVersion "1"]
[SourceVersionDate "2021.10.06"]
[SourceQuality "1"]

1. e4 d5 2. exd5 Nf6 3. Nf3 Nxd5 4. d4 Bf5 5. c4 Nb4 6. Qa4+ N8c6 7. Na3 e6 8. Be2 Nd3+ 9. Bxd3 Bxd3 10. Bd2 Be7 11. Qb3 Be4 12. 0-0 Nxd4 13. Nxd4 Qxd4 14. Bc3 Qc5 15. Rfe1 Qc6 16. Nb5 Bg6 17. Bxg7 Rg8 18. Be5 Bc2 19. Nxc7+ Kd7 20. Qb5 Rad8 21. Qxc6+ bxc6 22. Rac1 Bf5 23. c5 Kc8 24. Na6 Kb7 25. Nb4 a5 26. Nc2 Bxc5 27. Ne3 Bxe3 28. Rxe3 Rd3 29. Rxd3 Bxd3 30. Rc3 Be4 31. f3 Bd5 32. a3 Ka6 33. Kf2 Kb6 34. g3 c5 35. f4 h5 36. h4 a4 37. Bd6 Rc8 38. Be5 Rg8 1/2-1/2